| 000 | 00416cam a22001457a 4500 | ||
|---|---|---|---|
| 008 | 180718b1985 xxu||||| |||| 00| 0 eng d | ||
| 082 | _aO91 B469 | ||
| 100 | _aBhatt, S | ||
| 245 |
_aEnvironment protection and international law _cby S Bhatt |
||
| 260 |
_aNew Delhi _bRadiant _c1985 |
||
| 300 | _axvi,122p | ||
| 650 | _aSpace law. | ||
| 650 | _aEnvironmental law, International | ||
| 650 | _aEnvironmental law --India | ||
| 999 |
_c411394 _d411394 |
||